书目信息 |
| 题名: |
实变函数与泛函分析基础
|
|
| 作者: | 程其襄 , 程其襄 编 | |
| 分册: | ||
| 出版信息: | 北京 高等教育出版社 2003.12 |
|
| 页数: | 347页 | |
| 开本: | 20cm | |
| 丛书名: | ||
| 单 册: | ||
| 中图分类: | O174.1 | |
| 科图分类: | ||
| 主题词: | 泛函分析--fan han fen xi--高等学校--教材 , 实变函数--shi bian han shu--高等学校--教材 | |
| 电子资源: | ||
| ISBN: | 7-04-011918-8 | |
| 000 | 00975nam0 2200289 450 | |
| 001 | 0104000024 | |
| 005 | 20051124115123.1 | |
| 010 | @a7-04-011918-8@dCNY17.00 | |
| 100 | @a20081126d2003 ekmy0chiy0120 ea | |
| 101 | 0 | @achi |
| 102 | @aCN@b110000 | |
| 105 | @aa z 000yy | |
| 106 | @ar | |
| 200 | 1 | @a实变函数与泛函分析基础@AShi Bian Han Shu Yu Fan Han Fen Xi Ji Chu@f程其襄等编@Fcheng qi xiang deng bian |
| 205 | @a2版 | |
| 210 | @a北京@c高等教育出版社@d2003.12 | |
| 215 | @a347页@d20cm | |
| 300 | @a高等学校教材 | |
| 330 | @a本书共分为十一章, 内容包括集合、点集、可测函数、积分论、微分和不定积分等理论知识, 着重阐述实变函数和泛函分析的思想方法。 | |
| 606 | 0 | @a泛函分析@Afan han fen xi@x高等学校@j教材 |
| 606 | 0 | @a实变函数@Ashi bian han shu@x高等学校@j教材 |
| 690 | @aO174.1@v4 | |
| 701 | 0 | @a程其襄@ACheng Qi Xiang@4编 |
| 701 | 0 | @a程其襄@Acheng qi xiang@4编 |
| 801 | 0 | @aCN@bHTDF@c20081126 |
| 905 | @aBZT@dO174.1@e1@f10 | |
| 906 | @dCNY17.00@n0@r1 | |
| 实变函数与泛函分析基础/程其襄等编.-2版.-北京:高等教育出版社,2003.12 |
| 347页;20cm |
| 高等学校教材 |
| ISBN 7-04-011918-8:CNY17.00 |
| 本书共分为十一章, 内容包括集合、点集、可测函数、积分论、微分和不定积分等理论知识, 着重阐述实变函数和泛函分析的思想方法。 |
| ● |
| 相关链接 |
|
|
|
正题名:实变函数与泛函分析基础
索取号:O174.1/1
 
预约/预借
| 序号 | 登录号 | 条形码 | 馆藏地/架位号 | 状态 | 备注 |
| 1 | 709372 | 2000709372 | 中心书库北库/ 北库022架B面5列3层18/ [索取号:O174.1/1] | 在馆 | |
| 2 | 709373 | 2000709373 | 中心书库北库/ 北库022架B面5列3层15/ [索取号:O174.1/1] | 在馆 | |
| 3 | 709374 | 2000709374 | 中心书库北库/ 北库022架B面5列3层12/ [索取号:O174.1/1] | 在馆 | |
| 4 | 709375 | 2000709375 | 中心书库北库/ 北库022架B面5列3层13/ [索取号:O174.1/1] | 在馆 | |
| 5 | 709376 | 2000709376 | 中心书库北库/ 北库022架B面5列3层16/ [索取号:O174.1/1] | 在馆 | |
| 6 | 709377 | 2000709377 | 中心书库北库/ 北库022架B面5列3层17/ [索取号:O174.1/1] | 在馆 | |
| 7 | 709378 | 2000709378 | 中心书库北库/ 北库022架B面5列3层19/ [索取号:O174.1/1] | 在馆 | |
| 8 | 709379 | 2000709379 | 中心书库北库/ 北库022架B面5列3层10/ [索取号:O174.1/1] | 在馆 | |
| 9 | 709380 | 2000709380 | 中心书库北库/ 北库022架B面5列3层14/ [索取号:O174.1/1] | 在馆 | |
| 10 | 709381 | 2000709381 | 中心书库北库/ 北库022架B面5列3层11/ [索取号:O174.1/1] | 在馆 |